000 00246nam a2200109Ia 4500
008 240625s9999 xx 000 0 und d
041 _aeng
082 _a658.5 CHA
100 _aCHASE
245 _aOPERATIONS AND SUPPLY MANAGEMENT
260 _c2010
999 _c35048
_d35048